[Event "DEM U12 2023"]
[Site "Willingen GER"]
[Date "2023.06.02"]
[Round "8"]
[White "Rau, Eduard"]
[Black "Mukazhanov, Mansur"]
[Result "0-1"]
[Termination "normal"]
[Board "8"]
[WhiteElo "1393"]
[BlackElo "1563"]
[WhiteClock "00:39:18"]
[BlackClock "00:47:05"]
[PlyCount "120"]
[WhiteFideId "16287231"]
[BlackFideId "13752324"]
[EventCountry "GER"]
[EventRounds "9"]
[EventType "swiss"]
[EventDate "2023.05.27"]

1. e4 {[%clk 01:30:50]} {[%emt 00:00:09]} e6 {[%clk 01:30:53]} {[%emt
00:00:08]} 2. d4 {[%clk 01:31:15]} {[%emt 00:00:05]} d5 {[%clk 01:31:19]}
{[%emt 00:00:03]} 3. Bd3 {[%clk 01:31:40]} {[%emt 00:00:05]} dxe4 {[%clk
01:29:41]} {[%emt 00:02:09]} 4. Bxe4 {[%clk 01:32:00]} {[%emt 00:00:10]} Nf6
{[%clk 01:30:05]} {[%emt 00:00:06]} 5. Bf3 {[%clk 01:32:27]} {[%emt 00:00:04]}
c5 {[%clk 01:30:24]} {[%emt 00:00:10]} 6. Ne2 {[%clk 01:32:51]} {[%emt
00:00:06]} Nc6 {[%clk 01:30:45]} {[%emt 00:00:07]} 7. Be3 {[%clk 01:33:18]}
{[%emt 00:00:05]} Bd7 {[%clk 01:28:58]} {[%emt 00:02:17]} 8. dxc5 {[%clk
01:33:20]} {[%emt 00:00:28]} Qa5+ {[%clk 01:29:19]} {[%emt 00:00:08]} 9. Qd2
{[%clk 01:33:36]} {[%emt 00:00:15]} Nd5 {[%clk 01:25:25]} {[%emt 00:04:23]} 10.
Qxa5 {[%clk 01:32:40]} {[%emt 00:01:27]} Nxa5 {[%clk 01:25:40]} {[%emt
00:00:15]} 11. Bd2 {[%clk 01:32:53]} {[%emt 00:00:17]} Nc4 {[%clk 01:25:57]}
{[%emt 00:00:13]} 12. Bxd5 {[%clk 01:32:31]} {[%emt 00:00:52]} exd5 {[%clk
01:25:55]} {[%emt 00:00:31]} 13. Bc3 {[%clk 01:32:34]} {[%emt 00:00:28]} Bxc5
{[%clk 01:25:54]} {[%emt 00:00:31]} 14. b3 {[%clk 01:32:30]} {[%emt 00:00:34]}
Nd6 {[%clk 01:25:59]} {[%emt 00:00:25]} 15. b4 {[%clk 01:32:46]} {[%emt
00:00:14]} Bb6 {[%clk 01:26:21]} {[%emt 00:00:08]} 16. Bxg7 {[%clk 01:33:05]}
{[%emt 00:00:11]} Rg8 {[%clk 01:26:05]} {[%emt 00:00:46]} 17. Be5 {[%clk
01:33:30]} {[%emt 00:00:05]} Nf5 {[%clk 01:24:36]} {[%emt 00:01:59]} 18. O-O
{[%clk 01:33:22]} {[%emt 00:00:38]} O-O-O {[%clk 01:23:22]} {[%emt 00:01:43]}
19. Nf4 {[%clk 01:32:10]} {[%emt 00:01:42]} Bc6 {[%clk 01:21:54]} {[%emt
00:01:59]} 20. a4 {[%clk 01:31:55]} {[%emt 00:00:44]} Rde8 {[%clk 01:18:27]}
{[%emt 00:03:57]} 21. a5 {[%clk 01:30:37]} {[%emt 00:01:49]} Bd4 {[%clk
01:15:20]} {[%emt 00:03:36]} 22. Bxd4 {[%clk 01:30:54]} {[%emt 00:00:13]} Nxd4
{[%clk 01:15:35]} {[%emt 00:00:15]} 23. Nc3 {[%clk 01:30:27]} {[%emt 00:00:58]}
Rg4 {[%clk 01:13:03]} {[%emt 00:03:01]} 24. Nfxd5 {[%clk 01:29:38]} {[%emt
00:01:20]} Ne2+ {[%clk 01:13:20]} {[%emt 00:00:12]} 25. Nxe2 {[%clk 01:29:12]}
{[%emt 00:00:56]} Rxe2 {[%clk 01:12:30]} {[%emt 00:01:20]} 26. h3 {[%clk
01:27:01]} {[%emt 00:02:41]} Rc4 {[%clk 01:09:00]} {[%emt 00:03:59]} 27. Ne3
{[%clk 01:27:15]} {[%emt 00:00:17]} Rxb4 {[%clk 01:09:16]} {[%emt 00:00:14]}
28. Rfd1 {[%clk 01:27:15]} {[%emt 00:00:30]} Rf4 {[%clk 01:08:27]} {[%emt
00:01:18]} 29. Rf1 {[%clk 01:25:25]} {[%emt 00:02:21]} Rd2 {[%clk 01:08:05]}
{[%emt 00:00:51]} 30. g3 {[%clk 01:24:18]} {[%emt 00:01:38]} Re4 {[%clk
01:05:48]} {[%emt 00:02:47]} 31. c4 {[%clk 01:22:47]} {[%emt 00:02:02]} Bd7
{[%clk 00:50:49]} {[%emt 00:15:28]} 32. a6 {[%clk 01:12:15]} {[%emt 00:11:03]}
b6 {[%clk 00:48:59]} {[%emt 00:02:20]} 33. h4 {[%clk 01:10:56]} {[%emt
00:01:49]} Be6 {[%clk 00:48:35]} {[%emt 00:00:54]} 34. Rfb1 {[%clk 01:08:35]}
{[%emt 00:02:51]} Rd6 {[%clk 00:47:26]} {[%emt 00:01:38]} 35. Rc1 {[%clk
01:08:25]} {[%emt 00:00:39]} Rc6 {[%clk 00:47:39]} {[%emt 00:00:18]} 36. Kg2
{[%clk 00:48:40]} {[%emt 00:20:16]} Bxc4 {[%clk 00:46:08]} {[%emt 00:01:59]}
37. Nf5 {[%clk 00:39:40]} {[%emt 00:09:32]} Kc7 {[%clk 00:45:55]} {[%emt
00:00:43]} 38. Kf3 {[%clk 00:38:25]} {[%emt 00:01:43]} Bd5 {[%clk 00:45:13]}
{[%emt 00:01:14]} 39. Ne3 {[%clk 00:38:50]} {[%emt 00:00:05]} Rd4+ {[%clk
00:45:21]} {[%emt 00:00:22]} 40. Nxd5+ {[%clk 00:38:13]} {[%emt 00:01:07]} Rxd5
{[%clk 00:45:45]} {[%emt 00:00:05]} 41. Rxc6+ {[%clk 00:38:14]} {[%emt
00:00:30]} Kxc6 {[%clk 00:46:12]} {[%emt 00:00:03]} 42. Rc1+ {[%clk 00:38:35]}
{[%emt 00:00:09]} Rc5 {[%clk 00:46:17]} {[%emt 00:00:25]} 43. Re1 {[%clk
00:38:14]} {[%emt 00:00:51]} Kd6 {[%clk 00:46:20]} {[%emt 00:00:26]} 44. Re8
{[%clk 00:38:30]} {[%emt 00:00:14]} Ra5 {[%clk 00:46:37]} {[%emt 00:00:14]} 45.
Rh8 {[%clk 00:38:56]} {[%emt 00:00:04]} Rxa6 {[%clk 00:46:56]} {[%emt
00:00:11]} 46. Rxh7 {[%clk 00:39:20]} {[%emt 00:00:06]} Ke6 {[%clk 00:47:09]}
{[%emt 00:00:16]} 47. h5 {[%clk 00:39:29]} {[%emt 00:00:20]} Kf6 {[%clk
00:47:15]} {[%emt 00:00:26]} 48. g4 {[%clk 00:39:37]} {[%emt 00:00:22]} Ra1
{[%clk 00:46:13]} {[%emt 00:01:32]} 49. Kf4 {[%clk 00:39:50]} {[%emt 00:00:17]}
Ra4+ {[%clk 00:46:29]} {[%emt 00:00:14]} 50. Kg3 {[%clk 00:40:15]} {[%emt
00:00:04]} b5 {[%clk 00:46:27]} {[%emt 00:00:33]} 51. Kh4 {[%clk 00:39:26]}
{[%emt 00:01:19]} Rc4 {[%clk 00:44:34]} {[%emt 00:02:23]} 52. Rh6+ {[%clk
00:39:48]} {[%emt 00:00:08]} Kg7 {[%clk 00:44:31]} {[%emt 00:00:33]} 53. Ra6
{[%clk 00:40:14]} {[%emt 00:00:04]} Rc7 {[%clk 00:44:51]} {[%emt 00:00:09]} 54.
h6+ {[%clk 00:39:26]} {[%emt 00:01:19]} Kh7 {[%clk 00:45:15]} {[%emt 00:00:06]}
55. Kh5 {[%clk 00:39:53]} {[%emt 00:00:03]} b4 {[%clk 00:45:28]} {[%emt
00:00:17]} 56. g5 {[%clk 00:39:51]} {[%emt 00:00:32]} b3 {[%clk 00:45:46]}
{[%emt 00:00:12]} 57. Ra1 {[%clk 00:38:21]} {[%emt 00:01:59]} Rb7 {[%clk
00:46:05]} {[%emt 00:00:12]} 58. f4 {[%clk 00:38:46]} {[%emt 00:00:05]} b2
{[%clk 00:46:24]} {[%emt 00:00:10]} 59. Rb1 {[%clk 00:39:11]} {[%emt 00:00:06]}
a5 {[%clk 00:46:49]} {[%emt 00:00:06]} 60. f5 {[%clk 00:39:18]} {[%emt
00:00:22]} Rb5 {[%clk 00:47:05]} {[%emt 00:00:13]} 0-1

[Event "DEM U12 2023"]
[Site "Willingen GER"]
[Date "2023.06.02"]
[Round "8"]
[White "Sepe, Giovanni Paolo"]
[Black "Ramming, Moritz"]
[Result "0-1"]
[Termination "normal"]
[Board "9"]
[WhiteElo "1550"]
[BlackElo "1597"]
[WhiteClock "00:54:27"]
[BlackClock "00:09:45"]
[PlyCount "146"]
[WhiteFideId "34631909"]
[BlackFideId "34618198"]
[EventCountry "GER"]
[EventRounds "9"]
[EventType "swiss"]
[EventDate "2023.05.27"]

1. e4 {[%clk 01:30:59]} c5 {[%clk 01:30:54]} {[%emt 00:00:07]} 2. Nc3 {[%clk
01:31:25]} {[%emt 00:00:04]} e6 {[%clk 01:31:14]} {[%emt 00:00:10]} 3. d4
{[%clk 01:31:51]} {[%emt 00:00:04]} cxd4 {[%clk 01:31:24]} {[%emt 00:00:20]} 4.
Qxd4 {[%clk 01:32:17]} {[%emt 00:00:04]} Nc6 {[%clk 01:31:30]} {[%emt
00:00:24]} 5. Qd3 {[%clk 01:32:43]} {[%emt 00:00:04]} Nf6 {[%clk 01:27:49]}
{[%emt 00:04:11]} 6. Bf4 {[%clk 01:31:43]} {[%emt 00:01:30]} d5 {[%clk
01:22:19]} {[%emt 00:06:00]} 7. exd5 {[%clk 01:31:10]} {[%emt 00:01:02]} Nxd5
{[%clk 01:19:07]} {[%emt 00:03:43]} 8. Nxd5 {[%clk 01:31:06]} {[%emt 00:00:34]}
exd5 {[%clk 01:18:47]} {[%emt 00:00:50]} 9. O-O-O {[%clk 01:31:13]} {[%emt
00:00:22]} Be6 {[%clk 01:18:10]} {[%emt 00:01:08]} 10. Ne2 {[%clk 01:30:24]}
{[%emt 00:01:19]} Qa5 {[%clk 01:11:11]} {[%emt 00:07:30]} 11. a3 {[%clk
01:28:35]} {[%emt 00:02:18]} h6 {[%clk 01:06:46]} {[%emt 00:04:55]} 12. Qc3
{[%clk 01:27:30]} {[%emt 00:01:35]} Qa4 {[%clk 01:02:55]} {[%emt 00:04:21]} 13.
Nd4 {[%clk 01:24:38]} {[%emt 00:03:21]} Nxd4 {[%clk 00:58:25]} {[%emt
00:05:00]} 14. Rxd4 {[%clk 01:24:38]} {[%emt 00:00:30]} Qd7 {[%clk 00:58:10]}
{[%emt 00:00:45]} 15. Qb3 {[%clk 01:23:18]} {[%emt 00:01:51]} a6 {[%clk
00:54:53]} {[%emt 00:03:47]} 16. Qg3 {[%clk 01:16:03]} {[%emt 00:07:44]} Rc8
{[%clk 00:48:14]} {[%emt 00:07:09]} 17. Kb1 {[%clk 01:15:59]} {[%emt 00:00:34]}
Qc6 {[%clk 00:44:41]} {[%emt 00:04:03]} 18. Rd2 {[%clk 01:15:52]} {[%emt
00:00:38]} d4 {[%clk 00:40:56]} {[%emt 00:04:15]} 19. Be2 {[%clk 01:15:14]}
{[%emt 00:01:07]} Qd5 {[%clk 00:38:32]} {[%emt 00:02:54]} 20. Qb3 {[%clk
01:12:48]} {[%emt 00:02:57]} Qxg2 {[%clk 00:36:24]} {[%emt 00:02:37]} 21. Qf3
{[%clk 01:11:07]} {[%emt 00:02:11]} Qg6 {[%clk 00:33:20]} {[%emt 00:03:34]} 22.
Bd3 {[%clk 01:11:03]} {[%emt 00:00:34]} Qf6 {[%clk 00:32:57]} {[%emt 00:00:53]}
23. Be4 {[%clk 01:09:06]} {[%emt 00:02:27]} Be7 {[%clk 00:24:35]} {[%emt
00:08:52]} 24. Qg3 {[%clk 01:06:36]} {[%emt 00:03:01]} Rc5 {[%clk 00:22:37]}
{[%emt 00:02:28]} 25. Re1 {[%clk 00:59:16]} {[%emt 00:07:49]} O-O {[%clk
00:19:10]} {[%emt 00:03:57]} 26. Bd3 {[%clk 00:58:49]} {[%emt 00:00:58]} Rd8
{[%clk 00:18:40]} {[%emt 00:01:00]} 27. Be5 {[%clk 00:58:38]} {[%emt 00:00:40]}
Qg5 {[%clk 00:18:41]} {[%emt 00:00:30]} 28. Qxg5 {[%clk 00:59:01]} {[%emt
00:00:06]} Bxg5 {[%clk 00:18:48]} {[%emt 00:00:23]} 29. f4 {[%clk 00:57:34]}
{[%emt 00:01:57]} Rxe5 {[%clk 00:17:30]} {[%emt 00:01:49]} 30. Rxe5 {[%clk
00:57:54]} {[%emt 00:00:10]} Bxf4 {[%clk 00:17:31]} {[%emt 00:00:29]} 31. Rde2
{[%clk 00:55:53]} {[%emt 00:02:30]} Bxe5 {[%clk 00:16:37]} {[%emt 00:01:24]}
32. Rxe5 {[%clk 00:56:17]} {[%emt 00:00:06]} Rd5 {[%clk 00:15:08]} {[%emt
00:01:59]} 33. Re2 {[%clk 00:56:04]} {[%emt 00:00:43]} Rg5 {[%clk 00:14:53]}
{[%emt 00:00:45]} 34. b4 {[%clk 00:56:11]} {[%emt 00:00:24]} Kf8 {[%clk
00:13:39]} {[%emt 00:01:44]} 35. Kb2 {[%clk 00:55:42]} {[%emt 00:00:59]} Ke7
{[%clk 00:13:09]} {[%emt 00:00:59]} 36. c3 {[%clk 00:55:01]} {[%emt 00:01:11]}
dxc3+ {[%clk 00:12:52]} {[%emt 00:00:47]} 37. Kxc3 {[%clk 00:55:25]} {[%emt
00:00:07]} Kd6 {[%clk 00:12:44]} {[%emt 00:00:37]} 38. Be4 {[%clk 00:55:00]}
{[%emt 00:00:55]} Re5 {[%clk 00:12:26]} {[%emt 00:00:48]} 39. Rd2+ {[%clk
00:54:52]} {[%emt 00:00:38]} Bd5 {[%clk 00:12:06]} {[%emt 00:00:50]} 40. Bxd5
{[%clk 00:54:30]} {[%emt 00:00:52]} Rxd5 {[%clk 00:11:54]} {[%emt 00:00:42]}
41. Rf2 {[%clk 00:54:52]} {[%emt 00:00:09]} f6 {[%clk 00:11:34]} {[%emt
00:00:49]} 42. Rf3 {[%clk 00:54:41]} {[%emt 00:00:41]} b5 {[%clk 00:10:04]}
{[%emt 00:02:01]} 43. Rg3 {[%clk 00:54:58]} {[%emt 00:00:13]} Rg5 {[%clk
00:10:04]} {[%emt 00:00:30]} 44. Rd3+ {[%clk 00:55:22]} {[%emt 00:00:05]} Kc7
{[%clk 00:10:06]} {[%emt 00:00:29]} 45. Re3 {[%clk 00:55:33]} {[%emt 00:00:19]}
Rd5 {[%clk 00:09:54]} {[%emt 00:00:41]} 46. Rg3 {[%clk 00:55:41]} {[%emt
00:00:22]} Rd7 {[%clk 00:09:38]} {[%emt 00:00:46]} 47. Rg6 {[%clk 00:55:53]}
{[%emt 00:00:19]} Kb7 {[%clk 00:08:51]} {[%emt 00:01:17]} 48. Rg3 {[%clk
00:55:52]} {[%emt 00:00:30]} f5 {[%clk 00:06:49]} {[%emt 00:02:32]} 49. Rf3
{[%clk 00:56:05]} {[%emt 00:00:17]} g6 {[%clk 00:06:41]} {[%emt 00:00:39]} 50.
Rh3 {[%clk 00:56:09]} {[%emt 00:00:25]} h5 {[%clk 00:06:25]} {[%emt 00:00:47]}
51. Rg3 {[%clk 00:56:32]} {[%emt 00:00:06]} Rd6 {[%clk 00:06:42]} {[%emt
00:00:12]} 52. h4 {[%clk 00:56:44]} {[%emt 00:00:19]} Kc7 {[%clk 00:06:48]}
{[%emt 00:00:24]} 53. Re3 {[%clk 00:56:21]} {[%emt 00:00:53]} Kd7 {[%clk
00:06:25]} {[%emt 00:00:53]} 54. Rf3 {[%clk 00:56:33]} {[%emt 00:00:19]} Ke6
{[%clk 00:06:23]} {[%emt 00:00:32]} 55. Re3+ {[%clk 00:56:13]} {[%emt
00:00:49]} Kf6 {[%clk 00:06:26]} {[%emt 00:00:27]} 56. Re8 {[%clk 00:56:19]}
{[%emt 00:00:24]} f4 {[%clk 00:06:07]} {[%emt 00:00:49]} 57. Rf8+ {[%clk
00:56:29]} {[%emt 00:00:21]} Ke5 {[%clk 00:06:10]} {[%emt 00:00:27]} 58. Re8+
{[%clk 00:55:51]} {[%emt 00:01:08]} Kf5 {[%clk 00:05:50]} {[%emt 00:00:49]} 59.
Re1 {[%clk 00:56:10]} {[%emt 00:00:10]} Kg4 {[%clk 00:05:47]} {[%emt 00:00:34]}
60. Rf1 {[%clk 00:54:56]} {[%emt 00:01:45]} f3 {[%clk 00:05:37]} {[%emt
00:00:39]} 61. Kc2 {[%clk 00:52:22]} {[%emt 00:03:03]} Kg3 {[%clk 00:05:12]}
{[%emt 00:00:56]} 62. Rg1+ {[%clk 00:51:56]} {[%emt 00:00:56]} Kxh4 {[%clk
00:05:14]} {[%emt 00:00:27]} 63. Rh1+ {[%clk 00:52:18]} {[%emt 00:00:08]} Kg3
{[%clk 00:05:32]} {[%emt 00:00:13]} 64. Rg1+ {[%clk 00:52:36]} {[%emt
00:00:13]} Kf4 {[%clk 00:05:40]} {[%emt 00:00:21]} 65. Re1 {[%clk 00:52:45]}
{[%emt 00:00:21]} f2 {[%clk 00:05:54]} {[%emt 00:00:16]} 66. Re7 {[%clk
00:52:41]} {[%emt 00:00:34]} Rf6 {[%clk 00:06:10]} {[%emt 00:00:14]} 67. Rd7
{[%clk 00:52:40]} {[%emt 00:00:31]} f1=Q {[%clk 00:06:22]} {[%emt 00:00:17]}
68. Rd3 {[%clk 00:52:50]} {[%emt 00:00:21]} Rc6+ {[%clk 00:06:40]} {[%emt
00:00:13]} 69. Rc3 {[%clk 00:52:46]} {[%emt 00:00:33]} Qe2+ {[%clk 00:06:52]}
{[%emt 00:00:18]} 70. Kb3 {[%clk 00:53:07]} {[%emt 00:00:10]} Qd1+ {[%clk
00:07:10]} {[%emt 00:00:11]} 71. Kb2 {[%clk 00:53:28]} {[%emt 00:00:09]} Qd2+
{[%clk 00:07:30]} {[%emt 00:00:10]} 72. Kb1 {[%clk 00:54:11]} {[%emt 00:02:32]}
Rxc3 {[%clk 00:09:45]} {[%emt 00:00:12]} 73. a4 {[%clk 00:54:27]} {[%emt
00:00:13]} Rc1# {[%emt 00:00:05]} 0-1

[Event "DEM U12 2023"]
[Site "Willingen GER"]
[Date "2023.06.02"]
[Round "8"]
[White "Mandalka, Justus"]
[Black "Merenda, Lukas-Benedikt"]
[Result "1-0"]
[Termination "normal"]
[Board "10"]
[WhiteElo "1560"]
[BlackElo "1479"]
[WhiteClock "00:00:49"]
[BlackClock "00:06:42"]
[PlyCount "79"]
[WhiteFideId "16298144"]
[BlackFideId "34603336"]
[EventCountry "GER"]
[EventRounds "9"]
[EventType "swiss"]
[EventDate "2023.05.27"]

1. e4 {[%clk 01:30:59]} {[%emt 00:00:01]} c5 {[%clk 01:30:53]} {[%emt
00:00:07]} 2. Nf3 {[%clk 01:31:24]} {[%emt 00:00:05]} Nc6 {[%clk 01:31:20]}
{[%emt 00:00:03]} 3. d4 {[%clk 01:31:50]} {[%emt 00:00:04]} cxd4 {[%clk
01:31:47]} {[%emt 00:00:03]} 4. Nxd4 {[%clk 01:32:16]} {[%emt 00:00:04]} Nf6
{[%clk 01:32:13]} {[%emt 00:00:05]} 5. Nc3 {[%clk 01:32:42]} {[%emt 00:00:03]}
e5 {[%clk 01:32:38]} {[%emt 00:00:05]} 6. Ndb5 {[%clk 01:33:07]} {[%emt
00:00:05]} d6 {[%clk 01:33:01]} {[%emt 00:00:07]} 7. Nd5 {[%clk 01:33:32]}
{[%emt 00:00:06]} Nxd5 {[%clk 01:33:26]} {[%emt 00:00:04]} 8. exd5 {[%clk
01:33:57]} {[%emt 00:00:05]} Ne7 {[%clk 01:33:32]} {[%emt 00:00:23]} 9. c3
{[%clk 01:33:49]} {[%emt 00:00:39]} Nf5 {[%clk 01:33:48]} {[%emt 00:00:14]} 10.
a4 {[%clk 01:33:34]} {[%emt 00:00:45]} Be7 {[%clk 01:31:59]} {[%emt 00:02:20]}
11. Be2 {[%clk 01:32:13]} {[%emt 00:01:50]} O-O {[%clk 01:31:30]} {[%emt
00:00:59]} 12. O-O {[%clk 01:32:35]} {[%emt 00:00:08]} Nh4 {[%clk 01:28:46]}
{[%emt 00:03:14]} 13. Be3 {[%clk 01:32:22]} {[%emt 00:00:43]} b6 {[%clk
01:17:26]} {[%emt 00:11:50]} 14. Qd2 {[%clk 01:23:18]} {[%emt 00:09:34]} g5
{[%clk 01:12:31]} {[%emt 00:05:26]} 15. a5 {[%clk 01:17:00]} {[%emt 00:06:48]}
bxa5 {[%clk 01:09:29]} {[%emt 00:03:31]} 16. Nxa7 {[%clk 01:16:33]} {[%emt
00:00:57]} Bd7 {[%clk 01:06:03]} {[%emt 00:03:57]} 17. Nc6 {[%clk 01:10:47]}
{[%emt 00:06:15]} Bxc6 {[%clk 01:05:15]} {[%emt 00:01:18]} 18. dxc6 {[%clk
01:11:16]} {[%emt 00:00:02]} f5 {[%clk 01:03:12]} {[%emt 00:02:32]} 19. c7
{[%clk 01:10:29]} {[%emt 00:01:18]} Qxc7 {[%clk 01:02:17]} {[%emt 00:01:25]}
20. Bxg5 {[%clk 01:10:50]} {[%emt 00:00:08]} f4 {[%clk 00:59:10]} {[%emt
00:03:37]} 21. Bxh4 {[%clk 01:10:30]} {[%emt 00:00:51]} Bxh4 {[%clk 00:59:38]}
{[%emt 00:00:01]} 22. Bf3 {[%clk 01:10:12]} {[%emt 00:00:48]} Rae8 {[%clk
00:58:07]} {[%emt 00:02:01]} 23. Qd5+ {[%clk 01:01:52]} {[%emt 00:08:50]} Kh8
{[%clk 00:57:21]} {[%emt 00:01:16]} 24. Be4 {[%clk 00:52:19]} {[%emt 00:10:03]}
Qb6 {[%clk 00:52:28]} {[%emt 00:05:23]} 25. Rxa5 {[%clk 00:40:38]} {[%emt
00:12:11]} Qxb2 {[%clk 00:50:41]} {[%emt 00:02:17]} 26. Rb5 {[%clk 00:34:24]}
{[%emt 00:06:44]} Qe2 {[%clk 00:45:40]} {[%emt 00:05:31]} 27. Rb7 {[%clk
00:33:37]} {[%emt 00:01:18]} Be7 {[%clk 00:40:31]} {[%emt 00:05:38]} 28. Bf3
{[%clk 00:31:52]} {[%emt 00:02:14]} Qc2 {[%clk 00:37:57]} {[%emt 00:03:05]} 29.
Bh5 {[%clk 00:31:09]} {[%emt 00:01:13]} Qf5 {[%clk 00:36:43]} {[%emt 00:01:44]}
30. Bxe8 {[%clk 00:31:32]} {[%emt 00:00:08]} Rxe8 {[%clk 00:37:12]} {[%emt
00:00:01]} 31. Qc6 {[%clk 00:30:23]} {[%emt 00:01:37]} Qg6 {[%clk 00:36:24]}
{[%emt 00:01:18]} 32. Ra1 {[%clk 00:16:23]} {[%emt 00:14:30]} e4 {[%clk
00:33:30]} {[%emt 00:03:25]} 33. Re1 {[%clk 00:14:39]} {[%emt 00:02:13]} Bh4
{[%clk 00:31:01]} {[%emt 00:02:59]} 34. Rb2 {[%clk 00:06:56]} {[%emt 00:08:13]}
e3 {[%clk 00:28:35]} {[%emt 00:02:57]} 35. Kh1 {[%clk 00:07:20]} {[%emt
00:00:05]} Rg8 {[%clk 00:25:40]} {[%emt 00:03:26]} 36. g3 {[%clk 00:04:44]}
{[%emt 00:03:05]} fxg3 {[%clk 00:10:01]} {[%emt 00:16:10]} 37. fxg3 {[%clk
00:05:03]} {[%emt 00:00:10]} Bg5 {[%clk 00:09:45]} {[%emt 00:00:47]} 38. Ra1
{[%clk 00:03:35]} {[%emt 00:01:58]} Qd3 {[%clk 00:08:36]} {[%emt 00:01:40]} 39.
Rg2 {[%clk 00:01:09]} {[%emt 00:02:54]} e2 {[%clk 00:06:42]} {[%emt 00:02:24]}
40. Re1 {[%clk 00:00:49]} {[%emt 00:00:50]} 1-0